000 00626cab a2200217 4500
001 WB2405-13
008 090401t1988 xxu||||| |||| 00| 0 eng d
035 _a(Sirsi) u25573
041 _aeng
245 _aThermal blocks approved
260 _c1988
350 _a0
490 _aContract Journal
_vvol 341 no 5649, 21/1/88 p3
520 _aFollowing testing, the use of aerated concrete blocks to build new homes has been approved by the British Board of Agrement.
650 _aCONCRETE BLOCKS
650 _aNHBC
650 _aTHERMAL BLOCKS
690 _aBUILT ENVIRONMENT
942 _n0
948 _c04/03/1997
999 _c17178
_d17178